Alle afrikanischen Binnenstaaten - Statistiken

Allgemein
  • Dieses Quiz wurde 106 mal gespielt
  • Das Durchschnittsergebnis liegt bei 15 aus 16
Antworten auf der Karte
Die Antworten werden auf der Karte rot bzw. grün angezeigt, abhängig davon wie oft sie richtig erraten wurden.
 
Antwortstatistiken
Antworten % Korrekt
Malawi
98%
Mali
98%
Niger
98%
Südsudan
98%
Zentralafrikanische Republik
98%
Botswana
96%
Burundi
96%
Tschad
96%
Lesotho
95%
Ruanda
95%
Sambia
95%
Simbabwe
95%
Uganda
95%
Burkina Faso
94%
Swasiland
91%
Äthiopien
90%
Keine übereinstimmenden Quizze gefunden
Verteilung der Resultate
Anzahl Personen mit jedem Resultat
Perzentil nach korrekt beantworteten Fragen
Ihre Resultats-Entwicklung
Sie haben dieses Quiz noch nicht gespielt